A Text -book of Electrical technology in S.I. system of units / (Record no. 1430)

000 -LEADER
fixed length control field 00472nam a2200145 4500
008 - FIXED-LENGTH DATA ELEMENTS--GENERAL INFORMATION
fixed length control field 200123b ||||| |||| 00| 0 eng d
082 00 - DEWEY DECIMAL CLASSIFICATION NUMBER
Classification number 621.3
Item number T398
100 ## - MAIN ENTRY--PERSONAL NAME
9 (RLIN) 40
Personal name Theraja, B. L.
245 10 - TITLE STATEMENT
Title A Text -book of Electrical technology in S.I. system of units /
250 ## - EDITION STATEMENT
Edition statement 20th ed.
260 ## - PUBLICATION, DISTRIBUTION, ETC. (IMPRINT)
Place of publication, distribution, etc New Delhi
Name of publisher, distributor, etc Publication Division of Nirja Construction and Development
Date of publication, distribution, etc 1984
300 ## - PHYSICAL DESCRIPTION
Extent 1604 p.
650 #0 - SUBJECT ADDED ENTRY--TOPICAL TERM
Topical term or geographic name as entry element Electrical Engineering
942 ## - ADDED ENTRY ELEMENTS (KOHA)
Source of classification or shelving scheme
Item type Books
Holdings
Withdrawn status Lost status Source of classification or shelving scheme Damaged status Not for loan Permanent location Current location Date acquired Total Checkouts Full call number Barcode Date last seen Date last borrowed Koha item type
          IMU Kolkata IMU Kolkata 1976-02-13 1 621.3 T398 04412 2024-03-28 2024-03-12 Books
          IMU Kolkata IMU Kolkata 2020-06-10   621.3 T398 06035 2020-06-10   Books
          IMU Kolkata IMU Kolkata 2020-06-10   621.3 T398 06036 2020-06-10   Books
          IMU Kolkata IMU Kolkata 2020-06-10   621.3 T398 06038 2020-06-10   Books
          IMU Kolkata IMU Kolkata 2020-06-10   621.3 T398 06050 2020-06-10   Books
Designed and Maintained by IMU-KC Library, Kolkata Campus © Copyright All Rights Reserved

webs counters

Powered by Koha